Zefektívnenie systému hodnotenia spôsobilosti procesov pre špeciálne znaky podľa požiadaviek zákazníkov na brúsno-montážnych líniách pre výrobu kolesových ložísk-radlagerov
Salvato in:
| Autore principale: | |
|---|---|
| Altri autori: | |
| Natura: | Manoscritto Libro |
| Lingua: | slovacco |
| Pubblicazione: |
2016
|
| Soggetti: | |
| Accesso online: | http://is.stuba.sk/zp/portal_zp.pl?podrobnosti=118471 |
| Tags: |
Nessun Tag, puoi essere il primo ad aggiungerne!!
|
MARC
| LEADER | 00000ntm a22000003a 4500 | ||
|---|---|---|---|
| 001 | stuzp57842 | ||
| 003 | SK-STU | ||
| 005 | 20160719155359.6 | ||
| 007 | ta | ||
| 008 | 150427s2015----xo-----f-mn---000-0-slo-d | ||
| 040 | |a STU |b slo | ||
| 041 | 0 | |a slo | |
| 100 | 1 | |a Streličáková, Nikola |u 064000 |k Z4 |4 aut |U MTF Materiálovotechnologická fakulta |T MTF Ústav priemyselného inžinierstva a manažmentu |X 45709 |U M4000 |Y 84 |7 A000045709 | |
| 242 | 0 | 1 | |a Improving of process capability evaluation system for special features according to the customers´ requirements on abrasive–assembly production line used for production of radlagers-wheels bearings |y eng |
| 245 | 1 | 0 | |a Zefektívnenie systému hodnotenia spôsobilosti procesov pre špeciálne znaky podľa požiadaviek zákazníkov na brúsno-montážnych líniách pre výrobu kolesových ložísk-radlagerov |
| 260 | |c 2016 | ||
| 650 | 4 | |a spôsobilosť procesu |2 slo | |
| 650 | 4 | |a štatistická regulácia |2 slo | |
| 650 | 4 | |a segment pracoviska |2 slo | |
| 650 | 4 | |a špeciálne znaky |2 slo | |
| 650 | 4 | |a INA KYSUCE spol. s.r.o. |2 slo | |
| 650 | 4 | |a INA KYSUCE spol. s r.o. |2 eng | |
| 650 | 4 | |a segment work |2 eng | |
| 650 | 4 | |a process capability |2 eng | |
| 650 | 4 | |a statistical process control |2 eng | |
| 650 | 4 | |a special features |2 eng | |
| 700 | 1 | |a Lestyánszka Škůrková, Katarína |u 064000 |k Z1 |4 ths |U MTF Materiálovotechnologická fakulta |T MTF Ústav priemyselného inžinierstva a manažmentu |X 61397 |U M4000 |Y 84 |7 61397 | |
| 856 | 4 | |u http://is.stuba.sk/zp/portal_zp.pl?podrobnosti=118471 | |
| 996 | |c M* DP-12911 |l MMSKP |s P |a 0 |w stuzp57842_0001 | ||
| SQL | |a stuzp57842 |b DDP |c SLO |d Zefektívnenie systému hodnotenia spôsobilosti procesov pre špeciálne znaky podľa požiadaviek zákazníkov na brúsno-montážnych líniách pre výrobu kolesových ložísk-radlagerov |e 45709 |f Streličáková, Nikola |g 064000 |h 61397 |i Lestyánszka Škůrková, Katarína |j 20160606 |k 183 |l 06 |m http://is.stuba.sk/zp/portal_zp.pl?podrobnosti=118471 |n I-IKP |o 5.2.57. kvalita produkcie | ||